Online
Catalog
Normal view MARC view

Entry Nombre personal

Number of records used in: 26

001 - NÚMERO DE CONTROL

  • campo de control: 12387

003 - IDENTIFICADOR DEL NÚMERO DE CONTROL

  • campo de control: BNPHU

005 - FECHA Y HORA DE LA ÚLTIMA TRANSACCIÓN

  • campo de control: 20240305130443.0

008 - DATOS DE LONGITUD FIJA

  • campo de control de longitud fija: 200615|| aca||aabn | a|a d

010 ## - NÚMERO DE CONTROL DE LA BIBLIOTECA DEL CONGRESO

  • Número de control de LC: 82055756

040 ## - FUENTE DE LA CATALOGACIÓN

  • Centro catalogador/agencia de origen: DO-SdBNP
  • Lengua de catalogación: spa
  • Centro/agencia transcriptor: BNPHU
  • Normas de descripción: rda

100 1# - ENCABEZAMIENTO-NOMBRE DE PERSONA

  • Nombre de persona: Isa Conde, Narciso,
  • Fechas asociadas al nombre: 1942-

370 ## - LUGAR ASOCIADO

  • Lugar de nacimiento: San Francisco de Macorís, República Dominicana

374 ## - OCUPACIÓN

  • Ocupación: Profesor
  • Ocupación: Político
  • Ocupación: Escritor

375 ## - GÉNERO/SEXO

  • Género/Sexo: Masculino

377 ## - LENGUA/LENGUAJE ASOCIADO

  • Código del idioma: Español

400 1# - TRAZADO DE VÉASE--NOMBRE DE PERSONA

  • Nombre de persona: Conde, Narciso Isa

670 ## - FUENTE DE DATOS ENCONTRADOS

  • Cita de la fuente: Work cat.: (OSt)4011: Isa Conde, Narciso, 1942-, Rearmando la utopía :, 2000.

670 ## - FUENTE DE DATOS ENCONTRADOS

  • Cita de la fuente: Comunismo vs. socialdemocracia, 1981

670 ## - FUENTE DE DATOS ENCONTRADOS

  • Cita de la fuente: Rearmando la utopía, 1999

670 ## - FUENTE DE DATOS ENCONTRADOS

  • Cita de la fuente: Isa Conde, Narciso. Secretos, vivencias ... De lucha, vida y amor

Powered by Koha